Electronic circuits : discrete and integrated (Record no. 8115)
[ view plain ]
| 000 -LEADER | |
|---|---|
| fixed length control field | 00515 a2200169 4500 |
| 020 ## - INTERNATIONAL STANDARD BOOK NUMBER | |
| International Standard Book Number | 0070552940 |
| 040 ## - CATALOGING SOURCE | |
| Original cataloging agency | DLC |
| 082 ## - DEWEY DECIMAL CLASSIFICATION NUMBER | |
| Classification number | 621.3817 |
| 100 1# - MAIN ENTRY--PERSONAL NAME | |
| Personal name | Schilling, Donald |
| 245 00 - TITLE STATEMENT | |
| Title | Electronic circuits : discrete and integrated |
| Remainder of title | discrete and integrated |
| Statement of responsibility, etc. | Donald L. Schilling, Charles Belove |
| 250 ## - EDITION STATEMENT | |
| Edition statement | 2. ed. |
| 260 ## - PUBLICATION, DISTRIBUTION, ETC. | |
| Place of publication, distribution, etc. | New York : |
| Name of publisher, distributor, etc. | McGraw-Hill, |
| Date of publication, distribution, etc. | cop. 1979 |
| 300 ## - PHYSICAL DESCRIPTION | |
| Extent | 811 s. |
| 440 #0 - SERIES STATEMENT/ADDED ENTRY--TITLE | |
| Title | McGraw-Hill series in electrical engineering. |
| 700 1# - ADDED ENTRY--PERSONAL NAME | |
| Personal name | Belove, Charles |
| 942 ## - ADDED ENTRY ELEMENTS (KOHA) | |
| Koha item type | Book |
| Call number prefix | 621.3817 SCH |
| Source of classification or shelving scheme | |
| Withdrawn status | Lost status | Damaged status | Not for loan | Collection code | Permanent Location | Current Location | Shelving location | Date acquired | Total Checkouts | Full call number | Barcode | Date last seen | Price effective from | Koha item type |
|---|---|---|---|---|---|---|---|---|---|---|---|---|---|---|
| Central Library (CL) | Central Library (CL) | General Stacks | 05/27/2014 | 621.3817 SCH | SEECSD00250 | 11/14/2012 | 01/05/2017 | Book |
